000 00756nam a2200265Ia 4500
003 OSt
005 20220930203636.0
006 a|||||r|||| 00| 0
007 ta
008 220926b |||||||| |||| 00| 0 hin d
024 _a74872
037 _cDissertations
040 _aCRL
_cCRL
_bhin
041 _2hin
_ahin
100 _aRam Tirth
_9566043
110 _aUniversity of Delhi. Faculty of Arts. Department of Sanskrit
245 0 _aYoga tattvopanishad
260 _c1986
300 _a154p.
_ccm.
650 _aSANSKRIT
700 _a Dr. Vachaspati Upadhyaya
_9566044
700 _aUniversity of Delhi. Faculty of Arts. Department of Sanskrit
942 _cDIS
_2CC
999 _c904918
_d904918